|
|
|
|
| LEADER |
00000nam a2200000 4500 |
| 001 |
vtls012154506 |
| 003 |
SK-MaSNL |
| 005 |
20260302095336.0 |
| 008 |
221121s2018 xr gr 000 pdcze |
| 015 |
|
|
|a SNBZSA2024/04
|
| 020 |
|
|
|a 9788074433016
|q (brožované)
|
| 040 |
|
|
|a SNK
|b slo
|c SNK
|e rda
|
| 041 |
0 |
|
|a cze
|
| 044 |
|
|
|a xr
|c CZ
|
| 072 |
|
7 |
|a 821.162.3
|x Česká literatúra
|2 konspekt
|
| 080 |
|
|
|a 821.162.4-1
|2 2011
|
| 080 |
|
|
|a 821.162.3-1
|2 2011
|
| 100 |
1 |
|
|a Slováková, Andrea,
|d 1981-
|4 aut
|9 370814
|
| 245 |
1 |
0 |
|a Vně
|c Andrea Slováková
|
| 250 |
|
|
|a Vydání první
|
| 264 |
|
1 |
|a [Brno]
|b Větrné mlýny
|c 2018
|
| 300 |
|
|
|a 83 strán
|c 17 cm
|
| 336 |
|
|
|a text
|b txt
|2 rdacontent
|
| 337 |
|
|
|a bez média
|b n
|2 rdamedia
|
| 338 |
|
|
|a zväzok
|b nc
|2 rdacarrier
|
| 500 |
|
|
|a Obsahuje biografické a profesijné údaje o autorke na záložke prebalu publikácie
|
| 500 |
|
|
|a Údaj o mieste vydania zistený z externých zdrojov
|
| 655 |
|
7 |
|a slovenská poézia
|2 SNKPH
|9 70444
|
| 655 |
|
7 |
|a Slovak poetry
|2 SNKPHeng
|9 265010
|
| 655 |
|
7 |
|a česky písaná poézia
|2 SNKPH
|9 768367
|
| 655 |
|
7 |
|a Poetry in Czech
|2 SNKPHeng
|9 768368
|
| 852 |
|
|
|a Slovenská národná knižnica
|
| 919 |
|
|
|a 978-80-7443-301-6
|
| 954 |
|
|
|a beletria pôvodná (slovenská)
|2 lita
|
| 954 |
|
|
|a beletria cudzojazyčná (svetová)
|2 lita
|
| 958 |
|
|
|a ZS
|
| 958 |
|
|
|a LX
|
| 999 |
|
|
|c 1216640
|d 1218570
|
| 952 |
|
|
|a SNK
|b SNK
|y PREZ
|7 0
|p 17A1543068
|o snkSD 92420
|i snk2024/5586
|8 4
|g 7.65
|0 0
|1 0
|4 0
|d 2022-11-21
|l 0
|r 2026-02-24 23:31:33
|w 2026-02-24
|